000 00272nam a22001217a 4500
008 170324b xxu||||| |||| 00| 0 eng d
041 _aeng
080 _a615.82
100 _a8
101 _aSHM
245 _aPRINCIPLES OF FISHERY SCIENCE
_cEVERHART, W.H
942 _2udc
_cBK
999 _c8585
_d8585